000 00418nam a2200181Ia 4500
005 20240823044348.0
008 240823s9999||||xx |||||||||||||| ||und||
041 _aENGLISH
082 _A294.5924 Q2
100 _aThulasiram
245 0 _aSrimath Bagavathgeethai
250 _a1st
260 _c2012
_bVivekananda Ke
500 _aTRANSFERED
650 _aTamil Books
_bGeneral
942 _cBK
999 _c212389
_d212389